000 00625nam a22001697a 4500
008 230414b |||||||| |||| 00| 0 eng d
020 _a9781612055459.
050 _aHM651.S2483 2013.
100 _aSantos, Boaventura DE Sousa Santos.
_952323
245 _aEpistimologies of the souht;
_bjustice against epistemicide,
_cBoaventura DE Sousa Santos.
260 _aLondon:
_bRoutledge Taylor and Francis Group,
_c2013.
300 _aXI;
_b240P,
_c23cm.
650 _aKnowledge, sociology of,
_99945
650 _asocial epistemology,
_919871
650 _asocial justice
_vdeveloping countries.
_952324
942 _2lcc
_cMONOGRAPH
999 _c131743
_d131743